LEADER 00906nam1 22002653i 450 001 SUN0116805 005 20180629110238.429 010 $d0.00 100 $a20180629d1806 |0itac50 ba 101 $aita 102 $aIT 140 $a||||||||| ||||||||| 200 1 $a*Testamento forense 205 $aVenezia : presso Antonio Graziosi, 1806 210 $a2 volumi$a8° cm 215 $aIndicazione di responsabilità, Giuseppe Maria Galanti, da B.V.E. 463 \1$1001SUN0116807$12001 $a*Testamento forense. 1. - Venezia : presso Antonio Graziosi, 1806 620 $dVenezia$3SUNL000080 700 1$aGalanti$b, Giuseppe Maria$3SUNV022053$036576 712 02$aGraziosi, Antonio$3SUNV090108 790 1$aGalanti, Giuseppe M.$zGalanti, Giuseppe Maria$3SUNV074280 801 $aIT$bSOL$c20181109$gRICA 912 $aSUN0116805 996 $aTestamento forense$9267021 997 $aUNICAMPANIA LEADER 01901oam 2200517zu 450 001 996204503903316 005 20210807003344.0 035 $a(CKB)111026746746420 035 $a(SSID)ssj0000434728 035 $a(PQKBManifestationID)12193357 035 $a(PQKBTitleCode)TC0000434728 035 $a(PQKBWorkID)10404293 035 $a(PQKB)11108877 035 $a(EXLCZ)99111026746746420 100 $a20160829d1997 uy 101 0 $aeng 181 $ctxt 182 $cc 183 $acr 200 10$aSixth International Conference on Computer Communications and Networks, September 22-25, 1997, Las Vegas, Nevada : proceedings 210 31$a[Place of publication not identified]$cIEEE Computer Society Press$d1997 300 $aBibliographic Level Mode of Issuance: Monograph 311 $a0-8186-8186-1 606 $aComputer networks$xCongresses 606 $aComputer network architectures$xCongresses 606 $aComputer network protocols$xCongresses 606 $aElectrical & Computer Engineering$2HILCC 606 $aTelecommunications$2HILCC 606 $aEngineering & Applied Sciences$2HILCC 615 0$aComputer networks$xCongresses 615 0$aComputer network architectures$xCongresses 615 0$aComputer network protocols$xCongresses 615 7$aElectrical & Computer Engineering 615 7$aTelecommunications 615 7$aEngineering & Applied Sciences 676 $a004.6 702 $aMakki$b Kia 712 02$aDataTech (Firm) 712 02$aIEEE Communications Society 712 02$aUnited States 712 12$aInternational Conference on Computer Communications and Networks 801 0$bPQKB 906 $aBOOK 912 $a996204503903316 996 $aSixth International Conference on Computer Communications and Networks, September 22-25, 1997, Las Vegas, Nevada : proceedings$92301858 997 $aUNISA